Zur sprachlichen Form der ältesten Dalimil-Übersetzungen im Vergleich zum Originaltext - 'Stichprobe Verbformen'
| Titel: | Zur sprachlichen Form der ältesten Dalimil-Übersetzungen im Vergleich zum Originaltext - 'Stichprobe Verbformen' / Vlastimil Brom ; Veronika Bromová |
|---|---|
| Verfasser: | |
| Beteiligt: | |
| In: |
Brünner Beiträge zur Germanistik und Nordistik, Band 21 (2007), Seite 99-116 alle Artikel anzeigen |
| Veröffentlicht: | 2007 |
| Format: | Aufsatz |
| Sprache: | Deutsch |
X
alg: 19924569 001A $04505:10-06-08 001B $01999:23-04-19 $t22:25:16.000 001C $04505:10-06-08 $t15:01:50.000 001D $04505:10-06-08 001U $0utf8 001X $00 002@ $0Aou 003@ $019924569X 007A $019924569X $aHEB 010@ $ager 011@ $a2007 021A $aZur sprachlichen Form der ältesten Dalimil-Übersetzungen im Vergleich zum Originaltext - 'Stichprobe Verbformen' $hVlastimil Brom ; Veronika Bromová 028A $7 $8Brom, Vlastimil [Tnd] $9181697033 028B/01 $7 $8Bromová, Veronika [Tnx] $9170605434 031A $d21 $h99-116 $j2007 039B $aIn $8--Abvc--. Brünner Beiträge zur Germanistik und Nordistik. - Brno : Masarykova Univerzita, 1977-. - ISSN 1211-4979 $x200700000210000901 $9047483814 045T $a7,20 $a7,22 045T $aLING $qDE-30 $2FID 045T $aGER $qDE-30 $2FID 045W $801.01.01$jDeutsch [Tkv] $9133070158 045W $801.07.17.001$jAlttschechisch [Tkv] $9133106381 045W $801.05.04$jLatein [Tkv] $9133113035 045W $803.28.03$jLiterarische Übersetzung [Tkv] $9133072533 045W $803.28.07$jBewertungskriterium$vÜbersetzung [Tkv] $9133081362 045W $804.04.21$jKontrastive Morphologie [Tkv] $9133111466 lok: 19924569 64 101B $010-06-08 $t15:01:50.000 101C $010-06-08 101U $0utf8 144Z/01 $ap @Dalimil exp: 19924569 64 1 #EPN 201B/01 $010-06-08 $t15:01:50.000 201C/01 $010-06-08 201U/01 $0utf8 203@/01 $0545011124 208@/01 $a10-06-08 $be 209A/01 $a0 $f000 $x00 209B/01 $a34 $x05 247C/01 $8Frankfurt, Bibliographie Linguistischer Literatur $9129368261 lok: 19924569 78 exp: 19924569 78 1 #EPN 201B/01 $023-04-19 $t13:54:40.000 201C/01 $023-04-19 201U/01 $0utf8 203@/01 $01050322088 208@/01 $a23-04-19 $be 209A/01 $a/ $f000 $x00 209A/01 $ab*p $x01 220C/01 $apgar 244Z/01 $#Böhmische Kronländer $#Länder der Böhmischen Krone $#Sudetenland $#Böhmen $#Mähren $#Mährisch-Schlesien $#Österreichisch-Schlesien $#Tschechische Sozialistische Republik Böhmische Länder $#Tschechei Böhmische Länder $#Země koruny české $74069573-6 $8--Tg1--Böhmische Länder $x01 $9085195553 247C/01 $82080>Marburg/Lahn, Herder-Institut, Forschungsbibliothek, Bibliographieportal $9336309341
| LEADER | 00000caa a2200000 c 4500 | ||
|---|---|---|---|
| 001 | 19924569X | ||
| 003 | DE-603 | ||
| 005 | 20190423222516.0 | ||
| 007 | tu | ||
| 008 | 080610s2007 xx |||| | u00||u|ger c | ||
| 035 | |a (DE-599)HEB19924569X | ||
| 040 | |a DE-603 |b ger |c DE-603 |d DE-603 | ||
| 041 | |a ger | ||
| 084 | |a 7,20 |a 7,22 |2 ssgn | ||
| 084 | |a LING |q DE-30 |2 fid | ||
| 084 | |a GER |q DE-30 |2 fid | ||
| 100 | 1 | |a Brom, Vlastimil |0 (DE-603)181697033 | |
| 245 | 0 | 0 | |a Zur sprachlichen Form der ältesten Dalimil-Übersetzungen im Vergleich zum Originaltext - 'Stichprobe Verbformen' |c Vlastimil Brom ; Veronika Bromová |
| 264 | 0 | |c 2007 | |
| 700 | 1 | |a Bromová, Veronika |0 (DE-603)170605434 | |
| 773 | 0 | 8 | |i In |t Brünner Beiträge zur Germanistik und Nordistik |d Brno : Masarykova Univerzita, 1977- |h 25 cm |x 1211-4979 |g Band 21 (2007), Seite 99-116 |w (DE-603)047483814 |w (DE-600)303173-1 |
| 924 | 0 | |9 603 |a (DE-603)545011124 |b DE-603 |c HES |d d | |
| 924 | 0 | |9 2080 |a (DE-603)1050322088 |b DE-2080 |c HES |d d |g / | |


